| 000 -LEADER |
| fixed length control field |
01362cam a2200337 a 4500 |
| 001 - CONTROL NUMBER |
| control field |
668515 |
| 003 - CONTROL NUMBER IDENTIFIER |
| control field |
INLPI |
| 005 - DATE AND TIME OF LATEST TRANSACTION |
| control field |
20241126110234.0 |
| 008 - FIXED-LENGTH DATA ELEMENTS--GENERAL INFORMATION |
| fixed length control field |
151223s2016 maua b 000 j art d |
| 020 ## - INTERNATIONAL STANDARD BOOK NUMBER |
| International Standard Book Number |
9780763665302 |
| 020 ## - INTERNATIONAL STANDARD BOOK NUMBER |
| International Standard Book Number |
9781406373431 |
| Qualifying information |
(hbk.) : |
| 040 ## - CATALOGING SOURCE |
| Original cataloging agency |
NLPI |
| Language of cataloging |
eng |
| Transcribing agency |
NLPI |
| Modifying agency |
NLPI |
| -- |
KH8 |
| Description conventions |
aacr2 |
| 042 ## - AUTHENTICATION CODE |
| Authentication code |
nbic |
| 082 0# - DEWEY DECIMAL CLASSIFICATION NUMBER |
| Classification number |
813.6 ELL |
| 100 1# - MAIN ENTRY--PERSONAL NAME |
| Personal name |
Ellis, Carson, |
| Dates associated with a name |
1975- |
| Relator term |
Author |
| 245 10 - TITLE STATEMENT |
| Title |
Du iz tak? |
| Medium |
[children's book] / |
| Statement of responsibility, etc. |
Carson Ellis. |
| 246 1# - VARYING FORM OF TITLE |
| Display text |
Title on jacket cover flap: |
| Title proper/short title |
What is that? |
| 250 ## - EDITION STATEMENT |
| Edition statement |
First edition. |
| 260 ## - PUBLICATION, DISTRIBUTION, ETC. |
| Place of publication, distribution, etc. |
Somerville, Massachusetts : |
| Name of publisher, distributor, etc. |
Candlewick Press, |
| Date of publication, distribution, etc. |
2016. |
| 300 ## - PHYSICAL DESCRIPTION |
| Extent |
1 volume (unpaged) : |
| Other physical details |
col. ill. ; |
| Dimensions |
31 cm. |
| 520 8# - SUMMARY, ETC. |
| Summary, etc. |
Readers are invited to imagine the dramatic possibilities to be found in the natural world, even the humblest back garden! With exquisitely-detailed illustration that will appeal to children and art-lovers alike, and a wonderfully playful invented language, we soon find ourselves speaking Bug ... Du iz tak? What is that? |
| 521 8# - TARGET AUDIENCE NOTE |
| Target audience note |
Preschool. |
| 521 8# - TARGET AUDIENCE NOTE |
| Target audience note |
For readers up to 6. |
| 586 8# - AWARDS NOTE |
| Awards note |
Caldecott Honor Book. |
| 650 #0 - SUBJECT ADDED ENTRY--TOPICAL TERM |
| Topical term or geographic name entry element |
Insects |
| Form subdivision |
Juvenile fiction. |
| 650 #0 - SUBJECT ADDED ENTRY--TOPICAL TERM |
| Topical term or geographic name entry element |
Growth (Plants) |
| Form subdivision |
Juvenile fiction. |
| 650 #0 - SUBJECT ADDED ENTRY--TOPICAL TERM |
| Topical term or geographic name entry element |
Imaginary languages |
| Form subdivision |
Juvenile fiction. |
| 650 #0 - SUBJECT ADDED ENTRY--TOPICAL TERM |
| Topical term or geographic name entry element |
Fortification |
| Form subdivision |
Juvenile fiction. |
| 650 #0 - SUBJECT ADDED ENTRY--TOPICAL TERM |
| Topical term or geographic name entry element |
Picture books. |
| 942 ## - ADDED ENTRY ELEMENTS (KOHA) |
| Source of classification or shelving scheme |
|
| Koha item type |
Books - Non Ficton |